000 02343cpcaa2200433 4500
001 mm 81045849
003 DLC
005 20260227111708.0
007 cr |||||||||||
008 810512|||||||||||| eng
010 _amm 81045849
040 _aDLC
_cDLC
_edacs
_dDLC
072 7 _aN
_2lcmd
100 1 _aWilliams, John Warren,
_d1815-1843.
245 0 0 _aJohn Warren Williams family papers,
_f1839-1895.
300 _a50
_fitems.
300 _a1
_fcontainer.
300 _a0.4
_flinear feet.
506 0 _aOpen to research.
520 8 _aCorrespondence, diary, travel journal, account book, scrapbook, printed matter, and photographs. Diary kept by John Warren Williams reflects his commercial interests especially the importation of flour. Documents the arrival and clearance of ships and their cargoes at Boston, Mass., and New York, N.Y. Also notes the arrival of the steamship Great Western in New York, N.Y., on May 3, 1840, with passengers including dancer Fanny Elssler. Includes an account book (1864-1882) kept by his brother, George F. Williams, and a journal of George's wife, Martha Ann Tilton Williams, describing travels to Europe, 1894-1895.
545 0 _aImporter, of Boston, Mass.
546 _aCollection material in English.
555 8 _aFinding aid available in the Library of Congress Manuscript Reading Room and at
_uhttp://hdl.loc.gov/loc.mss/eadmss.ms011129
600 1 0 _aElssler, Fanny,
_d1810-1884.
600 3 0 _aWilliams family.
610 2 0 _aGreat Western (Steamship)
650 0 _aMerchants
_zMassachusetts
_zBoston.
650 0 _aShipping
_zNew York (State)
_zNew York.
650 0 _aShipping
_zMassachusetts
_zBoston.
651 0 _aBoston (Mass.)
_xCommerce.
651 0 _aEurope
_xDescription and travel.
656 7 _aImporters.
_2itoamc
700 1 _aWilliams, George F.,
_d1817-1882.
_tGeorge F. Williams account book.
_f1864-1882.
700 1 _aWilliams, Martha Ann Tilton,
_d1827-1919.
_tMartha Ann Tilton Williams travel journal.
_f1894-1895.
856 4 _3Finding aid
_uhttp://hdl.loc.gov/loc.mss/eadmss.ms011129
856 4 _3Finding aid (PDF)
_uhttp://hdl.loc.gov/loc.mss/eadmss.ms011129.3
999 _c43175
_d43175